'HH' Things Quiz Stats

 Plays Quiz Updated Nov 21, 2016

Also try: SS Things
Challenge
Share
Tweet
Embed
Score 0/20 Timer 05:00
0 Plays Today
Clue Answer % Correct
Helmet used at construction sites to protect the skull from injury by falling objectshard hat
96.5%
Have fun walking in these shoes made to make women seem tallerhigh heels
94.8%
He established Playboy Magazine more than half a century agoHugh Hefner
91.8%
Heavy sales of this plastic ring, named for a Hawaiian dance, occurred in the late 1950sHula Hoop
87.1%
He was paired with Mr. T in the first WrestleMania wearing his trademark red and yellowHulk Hogan
86.5%
Hungarian-American escape artist born Erik Weisz whose favorite stunt was his Chinese Water Torture CellHarry Houdini
81.4%
Hardly America's best president, he held office at the beginning of the Great DepressionHerbert Hoover
81%
Historical aviator and billionaire film producer, noted for having obsessive-compulsive disorderHoward Hughes
75.3%
Hollywood actress from 'Twister,' 'Cast Away,' 'What Women Want,' and 'As Good as it Gets'Helen Hunt
74.5%
Haunting spirit that chased Ichabod Crane in Irving's 'The Legend of Sleepy Hollow'(the) Headless Horseman
71.4%
Clue Answer % Correct
Heat this packaged pasta and seasoning brand from Betty Crocker with water and ground beefHamburger Helper
71.2%
Hopefully, if you talk about the Pope, you'll remember to refer to Francis with this phraseHis Holiness
68.9%
Hic... This period of 60 minutes devoted to alcohol was banned in Ireland in 2003happy hour
65%
Hilarious American television sitcom set in a German POW camp run by Colonel KlinkHogan's Heroes
61.6%
HGTV reality series in which home buyers select one of three pursued abodesHouse Hunters
58.6%
Hi-fis could be heard playing this Elvis song that topped the charts for 7 weeks in 1956Heartbreak Hotel
53.1%
Humans are related to this species found by the Leakeys which translates as 'handy man' due to tool useHomo habilis
26.8%
However insecure alone, this simple overhand knot forms when the rope goes over and under the standing parthalf hitch
23.1%
He is the con man protagonist and the title character who comes to River City in 'The Music Man'Harold Hill
18.8%
Hydroelectric plants can be found all along the Yellow River, known as this in ChinaHuáng Hé
16.4%

You're not logged in!

Compare scores with friends on all Sporcle quizzes.
Join for Free
OR
Log In

You Might Also Like...

Show Comments

Extras

Top Quizzes Today


Score Distribution

Your Account Isn't Verified!

In order to create a playlist on Sporcle, you need to verify the email address you used during registration. Go to your Sporcle Settings to finish the process.

Report this User

Report this user for behavior that violates our Community Guidelines.

Details: